000 01003nam a2200241Ia 4500
999 _c40605
_d40605
001 7232
003 GE_BSU
005 20211221130316.0
008 181216s2011||||ge |||||||||||||| ||geo||
020 _a9789941104176
040 _cGE_BSU
041 _ageo
080 _a343.23 ტ-92
100 _aტურავა, მერაბ
_99269
245 _bწ. 1, დანაშაულის მოძღვრება /
_aსისხლის სამართალი : ზოგადი ნაწილი : [2 წიგნად] :
_cმერაბ ტურავა.
264 _aთბილისი :
_bმერიდიანი,
_c2011.
300 _a692 გვ;
501 _aანბ.-საგნ. საძ.: გვ. 656-691.
504 _aბიბლიოგრაფია ტექსტის შენიშვნებში.
653 _aსამართალი
653 _aდანაშაულის მოძღვრება
942 _cBK
_2udc